LEADER 00880nam0 2200277 450 001 9910326758803321 005 20190702170343.0 010 $a978-88-99695-77-4 100 $a20190702d2017----km y0itay50 ba 101 0 $aita 102 $aIT 105 $a 001yy 200 1 $a<>esperienza etnografica come Bildung nell'epoca della complessità$euna riflessione tra antropologia ed educazione$fRaffaella Trigona 210 $aFirenze$cPontecorboli$d2017 215 $a93 cm$d19 cm 225 1 $aStudi e ricerche$iAntropologia 610 0 $aEtnografia 676 $a306$v22$zita 700 1$aTrigona,$bRaffaella$0765378 801 0$aIT$bUNINA$gREICAT$2UNIMARC 901 $aBK 912 $a9910326758803321 952 $a306 TRI 1$b5867$fBFS 959 $aBFS 996 $aEsperienza etnografica come Bildung nell'epoca della complessità$91555571 997 $aUNINA LEADER 03257 am 2200829 n 450 001 9910495797503321 005 20240104030705.0 010 $a979-1-03-000679-7 024 7 $a10.4000/books.pub.37382 035 $a(CKB)4100000011816222 035 $a(FrMaCLE)OB-pub-37382 035 $a(PPN)25534905X 035 $a(EXLCZ)994100000011816222 100 $a20210401j|||||||| ||| 0 101 0 $afre 135 $auu||||||m|||| 200 03$aLe bien-être des écoliers$fBénédicte Courty, Jean-François Dupeyron 210 $aPessac$cPresses Universitaires de Bordeaux$d2020 215 $a1 online resource (204 p.) 311 $a979-1-03-000090-0 330 $aCet ouvrage propose un travail pluridisciplinaire d?exploration de la question de l?expérience de bien-être et/ou de mal-être des élèves en proposant de revenir au singulier, à l?intime, à la qualité d?être, à la vie humaine et à sa difficile recherche de sens. La question du bien-être étant en effet très idéologisée aujourd?hui, les auteurs ont uni leurs efforts pour penser cette question « à hauteur d?enfant ». L?insertion d?interchapitres ajoute ainsi des illustrations concrètes aux préoccupations plus théoriques de certaines analyses. Un lexique des concepts principaux est disponible en fin d?ouvrage pour aider le lecteur à se repérer dans les différents sens des concepts de bien-être, de qualité de vie, etc. 606 $aEducation 606 $aéducation 606 $abien-être 606 $aémotion 606 $aintime 606 $avie scolaire 606 $aécole 606 $aexpérience scolaire 606 $aphilosophie de l?éducation 606 $apsychologie de l?enfant 606 $arecherche qualitative 606 $aqualité de la vie scolaire 606 $aécolier 606 $aécole inclusive 606 $acours de récréation 606 $ageste professionnel 615 4$aEducation 615 4$aéducation 615 4$abien-être 615 4$aémotion 615 4$aintime 615 4$avie scolaire 615 4$aécole 615 4$aexpérience scolaire 615 4$aphilosophie de l?éducation 615 4$apsychologie de l?enfant 615 4$arecherche qualitative 615 4$aqualité de la vie scolaire 615 4$aécolier 615 4$aécole inclusive 615 4$acours de récréation 615 4$ageste professionnel 700 $aBoujut$b Émilie$01458942 701 $aCappe$b Émilie$01458943 701 $aCourty$b Bénédicte$01458944 701 $aDupeyron$b Jean-François$01276487 701 $aFerrière$b Émeline$01458945 701 $aFerrière$b Séverine$01457911 701 $aGouillet$b Mailys$01458946 701 $aLaguette$b Vanessa$01458947 701 $aMiqueu$b Christophe$01285809 701 $aMorin-Messabel$b Christine$01314462 701 $aPralong$b Aurélie$01458948 701 $aPréau$b Marie$01458949 701 $aQuintin$b Jacques$01455779 701 $aThéodoropoulou$b Elena K$01458950 801 0$bFR-FrMaCLE 906 $aBOOK 912 $a9910495797503321 996 $aLe bien-être des écoliers$93658437 997 $aUNINA LEADER 04319nam 2201081Ia 450 001 9910783195303321 005 20230808234313.0 010 $a1-59734-818-X 010 $a9786612762765 010 $a1-282-76276-1 010 $a0-520-93664-7 024 7 $a10.1525/9780520936645 035 $a(CKB)1000000000006222 035 $a(EBL)223588 035 $a(OCoLC)475928506 035 $a(SSID)ssj0000084683 035 $a(PQKBManifestationID)11123704 035 $a(PQKBTitleCode)TC0000084683 035 $a(PQKBWorkID)10170330 035 $a(PQKB)10202636 035 $a(MiAaPQ)EBC223588 035 $a(DE-B1597)519632 035 $a(OCoLC)1099625120 035 $a(DE-B1597)9780520936645 035 $a(Au-PeEL)EBL223588 035 $a(CaPaEBR)ebr10062327 035 $a(CaONFJC)MIL276276 035 $a(dli)HEB02668 035 $a(MiU)MIU01000000000000005053743 035 $a(EXLCZ)991000000000006222 100 $a20020806d2003 ub 0 101 0 $aeng 135 $aurun#---|u||u 181 $ctxt 182 $cc 183 $acr 200 10$aPolitics of the womb$b[electronic resource] $ewomen, reproduction, and the state in Kenya /$fLynn M. Thomas 210 $aBerkeley $cUniversity of California Press$dc2003 215 $a1 online resource (318 p.) 300 $aDescription based upon print version of record. 311 0 $a0-520-22450-7 311 0 $a0-520-23540-1 320 $aIncludes bibliographical references (p. 235-287) and index. 327 $tFront matter --$tContents --$tAcknowledgments --$tList Of Abbreviations --$tIntroduction --$t1. Imperial Populations And "Women's Affairs" --$t2. Colonial Uplift And Girl-Midwives --$t3. Mau Mau And The Girls Who "Circumcised Themselves" --$t4. Late Colonial Customs And Wayward Schoolgirls --$t5. Postcolonial Nationalism And "Modern" Single Mothers --$tConclusion --$tNotes --$tBibliography --$tIndex 330 $aIn more than a metaphorical sense, the womb has proven to be an important site of political struggle in and about Africa. By examining the political significance-and complex ramifications-of reproductive controversies in twentieth-century Kenya, this book explores why and how control of female initiation, abortion, childbirth, and premarital pregnancy have been crucial to the exercise of colonial and postcolonial power. This innovative book enriches the study of gender, reproduction, sexuality, and African history by revealing how reproductive controversies challenged long-standing social hierarchies and contributed to the construction of new ones that continue to influence the fraught politics of abortion, birth control, female genital cutting, and HIV/AIDS in Africa. 410 0$aACLS Fellows? publications. 606 $aWomen$zKenya$xHistory 606 $aFemale genital mutilation$zKenya$xHistory 606 $aWomen$zKenya$xSocial conditions 606 $aSex role$zKenya 607 $aKenya$xSocial conditions 610 $a20th century. 610 $aabortion. 610 $aafrica. 610 $aafrican history. 610 $aanthropology sociology. 610 $aanthropology. 610 $abirth control. 610 $achildbirth. 610 $acolonialism. 610 $afemale initiation. 610 $agender studies. 610 $agenital mutilation. 610 $ahiv aids. 610 $akenya. 610 $akenyan politics. 610 $anonfiction. 610 $apolitical perspective. 610 $apolitical power. 610 $apolitical struggles. 610 $apostcolonial power. 610 $apremarital pregnancy. 610 $areproduction. 610 $areproductive controversies. 610 $areproductive rights. 610 $areproductive studies. 610 $asexuality. 610 $asocial hierarchies. 610 $awomen. 610 $awomens rights. 615 0$aWomen$xHistory. 615 0$aFemale genital mutilation$xHistory. 615 0$aWomen$xSocial conditions. 615 0$aSex role 676 $a305.4/096762 700 $aThomas$b Lynn M$01008239 801 0$bMiAaPQ 801 1$bMiAaPQ 801 2$bMiAaPQ 906 $aBOOK 912 $a9910783195303321 996 $aPolitics of the womb$92325117 997 $aUNINA